Optimalizácia CI/CD potrubí pomocou umelej inteligencie

Guardado en:
Detalles Bibliográficos
Autor principal: Vlček, Jozef (Autor)
Otros Autores: Bobák, Martin (Orientador)
Formato: Manuscrito Libro
Lenguaje:eslovaco
Publicado: 2025
Materias:
Acceso en línea:http://is.stuba.sk/zp/portal_zp.pl?podrobnosti=183683
Etiquetas: Agregar Etiqueta
Sin Etiquetas, Sea el primero en etiquetar este registro!

MARC

LEADER 00000ntm a22000003a 4500
001 stuzp105807
003 SK-STU
005 20250607211700.4
007 ta
008 150427s2015----xo-----f-mn---000-0-slo-d
040 |a STU  |b slo 
041 0 |a slo 
100 1 |a Vlček, Jozef  |u 070200  |4 aut  |U FIIT Fakulta informatiky a informačných technológií  |T FIIT Ústav informatiky, informačných systémov a softvérového inžinierstva  |X 110914  |U I200  |Y 179  |7 110914 
242 0 1 |a Optimizing CI/CD pipelines with artificial intelligence  |y eng 
245 1 0 |a Optimalizácia CI/CD potrubí pomocou umelej inteligencie 
260 |c 2025 
650 4 |a cicd  |2 eng 
650 4 |a devops  |2 eng 
650 4 |a ai  |2 eng 
650 4 |a cicd  |2 slo 
650 4 |a devops  |2 slo 
650 4 |a umelá inteligencia  |2 slo 
700 1 |a Bobák, Martin  |u 070200  |k Z8  |4 ths  |U FIIT Fakulta informatiky a informačných technológií  |T FIIT Ústav informatiky, informačných systémov a softvérového inžinierstva  |X 65408  |U I200  |Y 179  |7 65408 
856 4 |u http://is.stuba.sk/zp/portal_zp.pl?podrobnosti=183683